[Event "Montreal McGill op U2000"]
[Site "Montreal"]
[Date "2013.05.03"]
[Round "1"]
[White "Bonneville, Didier"]
[Black "Purcarus, Gabriel"]
[Result "0-1"]
[WhiteElo "1416"]
[BlackElo "1608"]
[PlyCount "50"]
[EventDate "2013.05.03"]
[EventType "swiss"]
[EventRounds "5"]
[EventCountry "CAN"]
[SourceTitle "EXT 2014"]
[Source "ChessBase"]
[SourceDate "2013.11.20"]
[SourceVersion "1"]
[SourceVersionDate "2013.11.20"]
[SourceQuality "1"]

1. d4 e5 2. dxe5 Nc6 3. Nf3 Qe7 4. e3 Nxe5 5. Nxe5 Qxe5 6. Bd3 d5 7. 0-0 Bd6 8. f4 Qe7 9. Nc3 Nf6 10. e4 Bg4 11. Qd2 dxe4 12. Nxe4 Nxe4 13. Bxe4 0-0-0 14. Bd3 Rhe8 15. Qc3 Bc5+ 16. Kh1 Bd4 17. Qb3 Qe1 18. h3 Qh4 19. Bc4 Be2 20. Bxe2 Rxe2 21. f5 Qe4 22. Qg3 Be5 23. Bf4 Bxf4 24. Rxf4 Rxg2 25. Rxe4 Rxg3 0-1